| 000 | 00390nam a2200109Ia 4500 | ||
|---|---|---|---|
| 008 | 171204s9999 xx 000 0 und d | ||
| 245 | _aTransactions on Data Hiding and Multimedia Security IX: Special Issue on Visual Cryptography | ||
| 245 | _cFeng Liu, Wei Qi Yan, and Yun Q. Shi | ||
| 260 | _c2014 | ||
| 650 | _xMultimedia System | ||
| 856 | _uhttp://down.ebook777.com/042/9783642550454.pdf | ||
| 999 |
_c345897 _d345897 |
||